| 000 | 00705nam a2200217 u 4500 | ||
|---|---|---|---|
| 005 | 20241203063741.0 | ||
| 008 | 081120s2006 mx r 000 0 spa d | ||
| 020 | _a0439871921 | ||
| 035 | _aUPN01000168034 | ||
| 049 | _aI | ||
| 050 | 4 |
_aPZ76.3 _bY6.2 |
|
| 100 | 1 |
_aYolen, Jane, _d1939- _938359 |
|
| 245 | 1 | 1 |
_a¿Cómo aprenden los colores los dinosaurios? / _cJane Yolen ; il. Mark Teague ; tr. Pepe Alvarez-Salas. |
| 260 |
_aChina : _bScholastic, _cc2006. |
||
| 300 |
_a[12] p. : _bprincipalmente il. col. |
||
| 440 | 0 | _aScholastic en español | |
| 650 | 4 |
_aDinosaurios _vLiteratura infantil _99370 |
|
| 650 | 4 |
_aLibros y lectura para niños _92290 |
|
| 650 | 4 |
_aCOLORES _96786 |
|
| 905 | _aInfantil | ||
| 999 |
_c140143 _d140143 |
||